=LDR 00000nam 2200000 4500 =001 INLIS000000000810588 =005 20260614102132 =035 ##$$a 0010-0626000025 =007 ta =008 260614################g##########0#ind## =082 ##$$a 297.124 =084 ##$$a 297.124 ABU s =100 #$$a Abu al-Husain Muslim bin al-Hajjaj bin Muslim al-Qusyairi an-Naisaburi =245 1#$$a Shahih Muslim =250 ##$$a Cet.3 =260 ##$$a Jakarta :$b Pustaka As sunnah,$c 2022 =300 ##$$a 1143 hlm : $b ilustrasi ; $c 24 cm =700 #$$a Muhammad Fuad Abdul Baqi =600 #4$$a Hadis Kumpulan hadis Shahih Al-Bukhari =990 ##$$a 00000005573 =990 ##$$a 00000005574 =990 ##$$a 00000005575 =990 ##$$a 00000005576